<?xml version="1.0" encoding="UTF-8"?>
<record
    xmlns:xsi="http://www.w3.org/2001/XMLSchema-instance"
    xsi:schemaLocation="http://www.loc.gov/MARC21/slim http://www.loc.gov/standards/marcxml/schema/MARC21slim.xsd"
    xmlns="http://www.loc.gov/MARC21/slim">

  <leader>01726 am a2200325 a 4500</leader>
  <controlfield tag="005">20240701101028.0</controlfield>
  <controlfield tag="008">100903s1995||||ag o   f |||| 001 0 spa d</controlfield>
  <datafield tag="020" ind1=" " ind2=" ">
    <subfield code="a">987995453X</subfield>
  </datafield>
  <datafield tag="041" ind1=" " ind2=" ">
    <subfield code="a">spa</subfield>
  </datafield>
  <datafield tag="092" ind1=" " ind2=" ">
    <subfield code="c">616.84</subfield>
    <subfield code="l">28</subfield>
    <subfield code="s">GAT</subfield>
  </datafield>
  <datafield tag="100" ind1="1" ind2=" ">
    <subfield code="a">Gatian de Cl&#xE9;rambault, Ga&#xEB;tan.</subfield>
    <subfield code="9">1410</subfield>
  </datafield>
  <datafield tag="245" ind1=" " ind2=" ">
    <subfield code="a">Automatismo mental. </subfield>
    <subfield code="b">Paranoia /  </subfield>
    <subfield code="c">Ga&#xEB;&#x308;tan Gatian de Cl&#xE9;rambault.</subfield>
  </datafield>
  <datafield tag="250" ind1=" " ind2=" ">
    <subfield code="a">1a ed. en espa&#xF1;ol</subfield>
    <subfield code="b">Traducci&#xF3;n Delia Esquibel ; Clara Maranzano. Selecci&#xF3;n de textos y presentaci&#xF3;n de Paul Bercherie. Edici&#xF3;n, revisi&#xF3;n t&#xE9;cnica y anexos: Juan Carlos Stagnaro</subfield>
  </datafield>
  <datafield tag="260" ind1=" " ind2=" ">
    <subfield code="a">Buenos Aires: </subfield>
    <subfield code="b">Polemos;</subfield>
    <subfield code="c">1995.</subfield>
  </datafield>
  <datafield tag="300" ind1=" " ind2=" ">
    <subfield code="a">192 p.</subfield>
    <subfield code="b">Incluye fotograf&#xED;as</subfield>
  </datafield>
  <datafield tag="500" ind1=" " ind2=" ">
    <subfield code="a">Gatian de Cl&#xE9;rambault, G. (1995). Automatismo mental. Paranoia. (1a ed.). Buenos Aires : Polemos.</subfield>
  </datafield>
  <datafield tag="590" ind1=" " ind2=" ">
    <subfield code="a">Colecci&#xF3;n Cl&#xE1;sicos de la Psiquiatr&#xED;a, bajo la direcci&#xF3;n de Juan Carlos Stagnaro.</subfield>
  </datafield>
  <datafield tag="653" ind1=" " ind2=" ">
    <subfield code="a">Coexistencia de dos delirios: persecusi&#xF3;n y erotoman&#xED;a (1920)</subfield>
  </datafield>
  <datafield tag="653" ind1=" " ind2=" ">
    <subfield code="a">Delirios pasionales: erotoman&#xED;a, reivindicaci&#xF3;n, celos (1921)</subfield>
  </datafield>
  <datafield tag="653" ind1=" " ind2=" ">
    <subfield code="a">Erotoman&#xED;a pura. Erotoman&#xED;a asociada (1921)</subfield>
  </datafield>
  <datafield tag="653" ind1=" " ind2=" ">
    <subfield code="a">Condiciones de aparici&#xF3;n, desarrollo y duraci&#xF3;n de los estados pasionales (1923)</subfield>
  </datafield>
  <datafield tag="653" ind1=" " ind2=" ">
    <subfield code="a">Automatismo mental y escisi&#xF3;n del yo (1920)</subfield>
  </datafield>
  <datafield tag="653" ind1=" " ind2=" ">
    <subfield code="a">Psicosis alucinatorias cr&#xF3;nicas (1923)</subfield>
  </datafield>
  <datafield tag="653" ind1=" " ind2=" ">
    <subfield code="a">Psicosis alucinatorias cr&#xF3;nicas. An&#xE1;lisis. Patogenia (1924)</subfield>
  </datafield>
  <datafield tag="653" ind1=" " ind2=" ">
    <subfield code="a">Folie &#xE0; deux (1924)</subfield>
  </datafield>
  <datafield tag="653" ind1=" " ind2=" ">
    <subfield code="a">Cuesti&#xF3;n de los delirios colectivos estrechamente ligado a la de los mecanismos generadores de la psicosis (1924)</subfield>
  </datafield>
  <datafield tag="653" ind1=" " ind2=" ">
    <subfield code="a">Mecanismo autom&#xE1;tico radical de ciertos delirios interpretativos: la pseudo constataci&#xF3;n espont&#xE1;nea incoercible (1933)</subfield>
  </datafield>
  <datafield tag="930" ind1=" " ind2=" ">
    <subfield code="a">770</subfield>
  </datafield>
  <datafield tag="942" ind1=" " ind2=" ">
    <subfield code="2">ddc</subfield>
    <subfield code="c">BK</subfield>
  </datafield>
  <datafield tag="999" ind1=" " ind2=" ">
    <subfield code="c">688</subfield>
    <subfield code="d">688</subfield>
  </datafield>
  <datafield tag="952" ind1=" " ind2=" ">
    <subfield code="0">0</subfield>
    <subfield code="1">0</subfield>
    <subfield code="2">ddc</subfield>
    <subfield code="4">0</subfield>
    <subfield code="7">0</subfield>
    <subfield code="8">REF</subfield>
    <subfield code="a">BFM</subfield>
    <subfield code="b">BFM</subfield>
    <subfield code="c">REF</subfield>
    <subfield code="d">2011-05-13</subfield>
    <subfield code="l">0</subfield>
    <subfield code="o">616.84 28 GAT</subfield>
    <subfield code="p">770</subfield>
    <subfield code="r">2014-11-06</subfield>
    <subfield code="t">ej.1</subfield>
    <subfield code="w">2011-05-13</subfield>
    <subfield code="y">REF</subfield>
    <subfield code="z">LIBRO DE CONSULTA</subfield>
  </datafield>
</record>
